<?xml version="1.0" encoding="UTF-8"?>
<record
    xmlns:xsi="http://www.w3.org/2001/XMLSchema-instance"
    xsi:schemaLocation="http://www.loc.gov/MARC21/slim http://www.loc.gov/standards/marcxml/schema/MARC21slim.xsd"
    xmlns="http://www.loc.gov/MARC21/slim">

  <leader>00952nam a2200217 i 4500</leader>
  <controlfield tag="001">143624</controlfield>
  <controlfield tag="003">ES-MaACL</controlfield>
  <controlfield tag="005">20230906200846.0</controlfield>
  <controlfield tag="007">t|</controlfield>
  <controlfield tag="008">070214m19481954xxu      b   |||| | spa d</controlfield>
  <datafield tag="100" ind1="1" ind2=" ">
    <subfield code="a">Ser&#xED;s, Homero,</subfield>
    <subfield code="d">1879-1969</subfield>
    <subfield code="9">105555</subfield>
  </datafield>
  <datafield tag="245" ind1="1" ind2="0">
    <subfield code="a">Manual de bibliograf&#xED;a de la literatura espa&#xF1;ola / </subfield>
    <subfield code="c">Homero Ser&#xED;s.</subfield>
  </datafield>
  <datafield tag="260" ind1=" " ind2=" ">
    <subfield code="a">Syracuse, New York : </subfield>
    <subfield code="b">Centro de Estudios Hisp&#xE1;nicos, </subfield>
    <subfield code="c">1948-1954.</subfield>
  </datafield>
  <datafield tag="300" ind1=" " ind2=" ">
    <subfield code="a">1 t. en 2 v. ; </subfield>
    <subfield code="c">20 cm.</subfield>
  </datafield>
  <datafield tag="505" ind1="8" ind2=" ">
    <subfield code="a">Contiene: I ; </subfield>
    <subfield code="t">Primera parte (XLIII, 422 p.) I-2 ; </subfield>
    <subfield code="t">Segundo fasc&#xED;culo de la primera parte (423-1086, XIII p.)</subfield>
  </datafield>
  <datafield tag="594" ind1=" " ind2=" ">
    <subfield code="a">Precede al t&#xED;t.: Syracuse University. Centro de Estudios Hisp&#xE1;nicos.</subfield>
  </datafield>
  <datafield tag="650" ind1="0" ind2="4">
    <subfield code="a">Literatura espa&#xF1;ola-</subfield>
    <subfield code="v">Bibliograf&#xED;as.</subfield>
    <subfield code="9">14554</subfield>
  </datafield>
  <datafield tag="710" ind1="2" ind2=" ">
    <subfield code="a">Syracuse University. </subfield>
    <subfield code="b">Centro de Estudios Hisp&#xE1;nicos.</subfield>
    <subfield code="9">6898</subfield>
  </datafield>
  <datafield tag="852" ind1=" " ind2=" ">
    <subfield code="a">ES-MaACL</subfield>
    <subfield code="j">L-32037-38 </subfield>
    <subfield code="z">. - Donat. herederos de la bibl. de M&#xAA; del Pilar Costa Palac&#xED;n </subfield>
    <subfield code="z">(v. 2)</subfield>
  </datafield>
  <datafield tag="999" ind1=" " ind2=" ">
    <subfield code="c">143624</subfield>
    <subfield code="d">143624</subfield>
  </datafield>
  <datafield tag="952" ind1=" " ind2=" ">
    <subfield code="0">0</subfield>
    <subfield code="1">0</subfield>
    <subfield code="4">0</subfield>
    <subfield code="7">0</subfield>
    <subfield code="a">ATENEOM</subfield>
    <subfield code="b">ATENEOM</subfield>
    <subfield code="c">DEPO2</subfield>
    <subfield code="d">2018-06-11</subfield>
    <subfield code="e">DON</subfield>
    <subfield code="l">0</subfield>
    <subfield code="o">L-32037-38</subfield>
    <subfield code="p">1198990</subfield>
    <subfield code="r">2023-02-23 00:00:00</subfield>
    <subfield code="w">2023-02-23</subfield>
    <subfield code="y">MONOGRAFIA</subfield>
  </datafield>
</record>
